000 00464nam a2200145Ia 4500
003 OSt
005 20260123095104.0
008 211028s2016 xx 000 0 und d
040 _cAIMIT LIBRARY
041 _aeng
100 _aAvinash, K S; Thomas, Babu.
_g1416024
_97447
245 _aAnalysis of growth competition marketing strategies Coorg orange growers co-operative society ltd (Gonikoppal) /
260 _aMangalore
_bBabu Thomas.
_c2016
942 _2ddc
_cPRO
999 _c219015
_d219015